El siglo de las mujeres / (Record no. 173736)

MARC details
000 -LEADER
campo de control de longitud fija 01065nam a22002895i 4500
001 - NÚMERO DE CONTROL
campo de control 173736
003 - IDENTIFICADOR DE NÚMERO DE CONTROL
campo de control ES-MaACL
005 - FECHA Y HORA DE LA ÚLTIMA TRANSACCIÓN
campo de control 20250728033739.0
008 - DATOS DE LONGITUD FIJA--INFORMACIÓN GENERAL
campo de control de longitud fija 100114s2009 sp |||| | spa d
020 ## - NÚMERO INTERNACIONAL ESTÁNDAR DEL LIBRO
Número Internacional Estándar del Libro 978-84-9899-101-7
080 ## - NÚMERO DE LA CLASIFICACIÓN DECIMAL UNIVERSAL
Número de la Clasificación Decimal Universal 77.041.3-055.2
245 03 - MENCIÓN DEL TÍTULO
Título El siglo de las mujeres /
Mención de responsabilidad, etc. Henri Cartier-Bresson, Steve McCurry, Dorothea Lange, Margaret Bourke-White, Lee Miller ; [redacción, Vicente Ponce, Joan Soriano].
260 ## - PUBLICACIÓN, DISTRIBUCIÓN, ETC.
Lugar de publicación, distribución, etc. [Madrid] :
Nombre del editor, distribuidor, etc. Público,
Fecha de publicación, distribución, etc. 2009.
300 ## - DESCRIPCIÓN FÍSICA
Extensión [32] p. :
Otras características físicas principalmente fot. col. y n. ;
Dimensiones 27 cm.
490 1# - MENCIÓN DE SERIE
Mención de serie Maestros de la fotografía ;
Designación de volumen o secuencia 2
650 #7 - PUNTO DE ACCESO ADICIONAL DE MATERIA--TÉRMINO DE MATERIA
Término de materia o nombre geográfico como elemento de entrada Fotografía de mujeres
Fuente del encabezamiento o término embne
9 (RLIN) 141931
700 1# - ENTRADA AGREGADA--NOMBRE PERSONAL
Nombre de persona Cartier-Bresson, Henri.
9 (RLIN) 35901
700 1# - ENTRADA AGREGADA--NOMBRE PERSONAL
Nombre de persona McCurry, Steve.
9 (RLIN) 141932
700 1# - ENTRADA AGREGADA--NOMBRE PERSONAL
Nombre de persona Lange, Dorothea.
9 (RLIN) 138257
700 1# - ENTRADA AGREGADA--NOMBRE PERSONAL
Nombre de persona Bourke-White, Margaret.
9 (RLIN) 141933
700 1# - ENTRADA AGREGADA--NOMBRE PERSONAL
Nombre de persona Miller, Lee.
9 (RLIN) 141934
700 1# - ENTRADA AGREGADA--NOMBRE PERSONAL
Nombre de persona Ponce, Vicente.
9 (RLIN) 173428
700 1# - ENTRADA AGREGADA--NOMBRE PERSONAL
Nombre de persona Soriano, Joan.
9 (RLIN) 173429
830 1# - PUNTO DE ACCESO ADICIONAL DE SERIE-TÍTULO UNIFORME
Título uniforme Maestros de la fotografía ;
Designación de volumen o secuencia 2
9 (RLIN) 189242
852 ## - LOCALIZACIÓN
Ubicación ES-MaACL
Número de control de estantería 2284-F-2
Holdings
Estatus retirado Estado de pérdida Estado de daño No para préstamo Colección Biblioteca de origen Biblioteca actual Ubicación en estantería Fecha de adquisición Fuente de adquisición Total de préstamos Signatura topográfica completa Código de barras Visto por última vez Precio de reemplazo Tipo de ítem Koha
        Colección de folletos Biblioteca del Ateneo de Madrid Biblioteca del Ateneo de Madrid Depósito folletos 14/01/2010     2284-F-2 1182365 23/02/2023 23/02/2023 Folleto